Ruido en Cuenca 2012-2018 /

Detalles Bibliográficos
Autor principal: Delgado Inga, Omar (Autor)
Formato: Electrónico eBook
Lenguaje:español
Publicado: Cuenca, Ecuador : Universidad del Azuay : Gobierno Autónomo Descentralizado del Cantón Cuenca, [2018]
Materias:
Acceso en línea:Digitalia Hispánica

MARC

LEADER 00000nam a2200000 i 4500
001 DIGUAZUAY0052
003 NyNyDIG
007 cr |||||||||||
008 260115s2018 ec ab o 000 0 spa d
006 m o d
035 |a (OCoLC)1438858932 
040 |a DGITA  |b eng  |e rda  |e pn  |c DGITA 
020 |a 9789942778666  |q eBook 
020 |z 9789942778659 
043 |a s-ec--- 
050 1 4 |a TD893.5.E5 ebook 
245 0 0 |a Ruido en Cuenca 2012-2018 /  |c Omar Delgado Inga [and 5 others]. 
264 1 |a Cuenca, Ecuador :  |b Universidad del Azuay :  |b Gobierno Autónomo Descentralizado del Cantón Cuenca,  |c [2018] 
300 |a 1 online resource :  |b illustrations, maps. 
336 |a text  |b txt  |2 rdacontent 
337 |a computer  |b c  |2 rdamedia 
338 |a online resource  |b cr  |2 rdacarrier 
347 |a text file  |2 rdaft 
347 |b PDF 
588 0 |a Online resource; title from PDF title page (Digitalia, viewed January 15, 2026) 
650 0 |a Noise pollution  |z Ecuador  |z Cuenca  |x Measurement. 
650 0 |a Noise control  |z Ecuador  |z Cuenca. 
700 1 |a Delgado Inga, Omar,  |e author. 
791 2 |a Digitalia (Firm),  |e distributor. 
793 0 |g Digitalia eBook Collection:  |a Universidad del Azuay 
776 0 8 |i Print version:  |t Ruido en Cuenca 2012-2018.  |d Cuenca, Ecuador : Universidad del Azuay : Gobierno Autónomo Descentralizado del Cantón Cuenca, [2018]  |z 9789942778659 
856 4 0 |3 Digitalia Hispánica  |u https://www.digitaliapublishing.com/a/133435/ 
910 |a Premium collection: 2026